| 000 | 00569nam a22001695i 4500 | ||
|---|---|---|---|
| 001 | 153825 | ||
| 003 | ES-MaACL | ||
| 005 | 20230906205410.0 | ||
| 008 | 950223s1882 sp |||| | spa d | ||
| 040 |
_aAS _bspa _cCCPB | SIC |
||
| 110 | 1 |
_aEspaña. _bArtillería. _9222139 |
|
| 245 | 1 | 0 |
_aReglamento para el servicio de campaña _b: aprobado por Ley de 5 de enero de 1882. |
| 260 |
_aMadrid : _b[s.n.], _c1882 ( _fImprenta y litografía del Depósito de la Guerra) |
||
| 300 |
_a396 p. ; _c15 cm. |
||
| 852 |
_aES-MaACL _jG-9945 _z-- Enc. hol. |
||
| 999 |
_c153825 _d153825 |
||